Regulatory frameworks for water resources management <a> comparative study

Gespeichert in:
Bibliographische Detailangaben
1. Verfasser: Salman, M. A. Salman
Weitere Verfasser: Bradlow, Daniel D.
Format: Buch
Sprache:Englisch
Veröffentlicht: Washington, D.C. <The> World Bank 2006
Schriftenreihe:Law, justice, and development series
Schlagworte:
Tags: Tag hinzufügen
Keine Tags, Fügen Sie das erste Tag hinzu!

MARC

LEADER 00000nam$a2200000$$$4500
001 0043962
005 20240403100527.4
020 |a 0-8213-6519-3 
041 0 |a eng 
044 |a US 
245 1 0 |a Regulatory frameworks for water resources management  |b <a> comparative study  |c Salman M. A. Salman, Daniel D. Bradlow 
264 1 |a Washington, D.C.  |b <The> World Bank  |c 2006 
300 |a 198 s. 
490 1 |a Law, justice, and development series 
830 0 |a Law, justice, and development series 
610 2 0 |a voda 
610 2 0 |a zdroje vodné 
610 2 0 |a riadenie 
610 2 0 |a regulácia 
610 2 0 |a legislatíva 
610 2 0 |a porovnanie medzinárodné 
610 2 0 |a analýzy 
610 2 0 |a ochrana prírody 
610 2 0 |a ochrana vody 
610 2 0 |a dohody 
610 2 0 |a vlastníctvo 
100 1 |a Salman, M. A. Salman 
700 1 |a Bradlow, Daniel D.